| 000 | 00000nam 2200000zi 4500 |
| 001 | 9.914450 |
| 003 | CaOODSP |
| 005 | 20250507082936 |
| 006 | m o d f |
| 007 | cr cn||||||||| |
| 008 | 220815e20220817onca ob f000 0 eng d |
| 020 | |a9780660450469 |
| 040 | |aCaOODSP|beng|erda|cCaOODSP |
| 043 | |an-cn--- |
| 086 | 1 |aD97-3/40-111-2022E-PDF |
| 245 | 00|aCryptographic algorithms for unclassified, protected A, and protected B information. |
| 250 | |a[Version 2]. |
| 264 | 1|a[Ottawa] : |bCommunications Security Establishment = Centre de la sécurité des telecommunications, |cAugust 17, 2022. |
| 300 | |a1 online resource (28 pages) : |billustrations. |
| 336 | |atext|btxt|2rdacontent |
| 337 | |acomputer|bc|2rdamedia |
| 338 | |aonline resource|bcr|2rdacarrier |
| 490 | 1 |aPractitioner ; |vITSP.40.111 |
| 500 | |aIssued also in French under title: Algorithmes cryptographiques pour l'information non classifié, protégé A et protégé B. |
| 500 | |a"This publication takes effect on August 17, 2022." |
| 500 | |a"Unclassified." |
| 500 | |a"Canadian Centre for Cyber Security." |
| 500 | |aIssued also in HTML format. |
| 504 | |aIncludes bibliographical references. |
| 650 | 0|aElectronic government information|xAccess control|zCanada. |
| 650 | 0|aData protection|zCanada. |
| 650 | 0|aData encryption (Computer science)|zCanada. |
| 650 | 0|aComputer algorithms. |
| 710 | 2 |aCommunications Security Establishment (Canada), |eissuing body. |
| 710 | 2 |aCanadian Centre for Cyber Security, |eissuing body. |
| 775 | 08|tAlgorithmes cryptographiques pour l'information non classifié, protégé A et protégé B.|w(CaOODSP)9.914451 |
| 794 | |tCryptographic algorithms for unclassified, protected A, and protected B information.|b(Version 3)|w(CaOODSP)9.933076 |
| 795 | |tCryptographic algorithms for UNCLASSIFIED, PROTECTED A, and PROTECTED B information.|b(First release)|w(CaOODSP)9.843597 |
| 830 | #0|aPractitioner series (Communications Security Establishment (Canada))|vITSP.40.111.|w(CaOODSP)9.842846 |
| 856 | 40|qPDF|s718 KB|uhttps://publications.gc.ca/collections/collection_2022/cstc-csec/D97-3-40-111-2022-eng.pdf |
| 856 | 4 |qHTML|sN/A|uhttps://cyber.gc.ca/en/guidance/cryptographic-algorithms-unclassified-protected-protected-b-information-itsp40111 |